<?xml version="1.0" encoding="UTF-8"?>
<record
    xmlns:xsi="http://www.w3.org/2001/XMLSchema-instance"
    xsi:schemaLocation="http://www.loc.gov/MARC21/slim http://www.loc.gov/standards/marcxml/schema/MARC21slim.xsd"
    xmlns="http://www.loc.gov/MARC21/slim">

  <leader>00610nam a22002297a 4500</leader>
  <controlfield tag="003">UA-OsUOA</controlfield>
  <controlfield tag="001"> 25759 </controlfield>
  <controlfield tag="007">ta</controlfield>
  <controlfield tag="008">20040427b un ||||| |||| 00| 0 ukr d</controlfield>
  <datafield tag="090" ind1=" " ind2=" ">
    <subfield code="a">35</subfield>
    <subfield code="b">&#x41F;47</subfield>
  </datafield>
  <datafield tag="942" ind1=" " ind2=" ">
    <subfield code="c">BK</subfield>
  </datafield>
  <datafield tag="040" ind1=" " ind2=" ">
    <subfield code="a">UA-OsUOA</subfield>
    <subfield code="b">ukr</subfield>
    <subfield code="c">UA-OsUOA</subfield>
    <subfield code="d">UA-OsUOA</subfield>
  </datafield>
  <datafield tag="245" ind1=" " ind2=" ">
    <subfield code="a">&#x41F;&#x43E;&#x437;&#x438;&#x43A;&#x438; &#x43D;&#x430; &#x440;&#x43E;&#x437;&#x432;&#x438;&#x442;&#x43E;&#x43A; &#x456;&#x43D;&#x444;&#x440;&#x430;&#x441;&#x442;&#x440;&#x443;&#x43A;&#x442;&#x443;&#x440;&#x438; &#x43C;&#x456;&#x441;&#x442;</subfield>
    <subfield code="b">&#x41C;&#x435;&#x442;&#x43E;&#x434;&#x438;&#x447;&#x43D;&#x438;&#x439; &#x43F;&#x43E;&#x441;&#x456;&#x431;&#x43D;&#x438;&#x43A;</subfield>
    <subfield code="c">&#x412;&#x435;&#x440;&#x435;&#x441;&#x435;&#x43D;&#x44C; 1999</subfield>
  </datafield>
  <datafield tag="300" ind1=" " ind2=" ">
    <subfield code="a">116 &#x441;.</subfield>
  </datafield>
  <datafield tag="955" ind1=" " ind2=" ">
    <subfield code="a">0</subfield>
  </datafield>
  <datafield tag="041" ind1=" " ind2=" ">
    <subfield code="a">ukr</subfield>
  </datafield>
  <datafield tag="080" ind1=" " ind2=" ">
    <subfield code="a">35</subfield>
  </datafield>
  <datafield tag="260" ind1=" " ind2=" ">
    <subfield code="a">&#x421;&#x428;&#x410;</subfield>
    <subfield code="b">Research Triangle Institute</subfield>
    <subfield code="c">1999</subfield>
  </datafield>
  <datafield tag="044" ind1=" " ind2=" ">
    <subfield code="a">US</subfield>
  </datafield>
  <datafield tag="650" ind1=" " ind2="7">
    <subfield code="2">UDC</subfield>
  </datafield>
  <datafield tag="999" ind1=" " ind2=" ">
    <subfield code="c">312059</subfield>
    <subfield code="d">312059</subfield>
  </datafield>
  <datafield tag="952" ind1=" " ind2=" ">
    <subfield code="0">0</subfield>
    <subfield code="1">0</subfield>
    <subfield code="2">udc</subfield>
    <subfield code="4">0</subfield>
    <subfield code="7">0</subfield>
    <subfield code="a">102</subfield>
    <subfield code="b">102</subfield>
    <subfield code="d">2004-04-27</subfield>
    <subfield code="g">9.79</subfield>
    <subfield code="i">67982</subfield>
    <subfield code="l">0</subfield>
    <subfield code="o">35 &#x41F;47</subfield>
    <subfield code="p">67982</subfield>
    <subfield code="r">2021-11-16 00:00:00</subfield>
    <subfield code="w">2004-04-27</subfield>
    <subfield code="y">BK</subfield>
  </datafield>
  <datafield tag="952" ind1=" " ind2=" ">
    <subfield code="0">0</subfield>
    <subfield code="1">0</subfield>
    <subfield code="2">udc</subfield>
    <subfield code="4">0</subfield>
    <subfield code="7">0</subfield>
    <subfield code="a">102</subfield>
    <subfield code="b">102</subfield>
    <subfield code="d">2004-04-27</subfield>
    <subfield code="g">25.30</subfield>
    <subfield code="i">76663</subfield>
    <subfield code="l">0</subfield>
    <subfield code="o">35 &#x41F;47</subfield>
    <subfield code="p">76663</subfield>
    <subfield code="r">2022-02-09 00:00:00</subfield>
    <subfield code="w">2004-04-27</subfield>
    <subfield code="y">BK</subfield>
  </datafield>
</record>
